00953pab a2200193 454500008004000000100001900040245008500059260000900144300001500153362001200168520033800180650003400518650002600552773004400578908000600622909001000628999001700638952010400655180718b1997 xxu||||| |||| 00| 0 eng d aDubhashi, P.R. aRestructuring and reform of Indian political, administrative and economic system c1997 ap.362-368. aJul-Sep aThe author first makes an analytical presentation on the political, administrative and economic components of our system that we adopted 50 years ago, followed by a point-wise presentation on the malaise that has set in our system, and then, to remedy it gives a systemic reform agenda touching all the three components. - Reproduced aPublic administration - India aPublic administration aIndian Journal of Public Administration aN a36304 c36304d36304 00104070aIIPAbIIPAd2018-07-19hVolume no: 43, Issue no: 3pAR36571r2018-07-19w2018-07-19yAR